000 01102nam a2200253Ia 4500
003 OSt
005 20220930204407.0
006 a|||||r|||| 00| 0
007 ta
008 220926b |||||||| |||| 00| 0 hin d
024 _a35783
037 _cDissertations
040 _aCRL
_cCRL
_bhin
041 _2hin
_ahin
100 _aनौशाद अली, ले.
110 _aदिल्ली विश्वविद्यालय. कला संकाय. हिन्दी विभाग
245 0 _aदयाप्रकाश सिन्हा कृत ऐतिहासिक नाटक रक्त-अभिषेक का रंगमंचीय अध्ययन।
246 _aDayāprakāsh sinhā kṛut aitihāsik nāṭak rakta.abhiṣhek kā rangamanchīya adhyayana।
260 _c2016
300 _a142पृ.
_ccm.
700 _aदिल्ली विश्वविद्यालय. कला संकाय. हिन्दी विभाग
942 _cDIS
_2CC
999 _c905969
_d905969